|
|
|
|
| LEADER |
01472nam a2200373 i 4500 |
| 001 |
38680 |
| 003 |
BD-DhAAL |
| 005 |
20220525165502.0 |
| 008 |
220525t2014 bg b 001 0 eng |
| 999 |
|
|
|c 44249
|d 44249
|
| 010 |
|
|
|a 2014359616
|
| 020 |
|
|
|a 9789845061506
|
| 025 |
|
|
|a B-E-2014359616
|
| 035 |
|
|
|a (MFDhaka) 2014359616
|
| 035 |
|
|
|a (OCoLC)893309384
|
| 037 |
|
|
|b Library of Congress -- New Delhi Overseas Office
|
| 040 |
|
|
|a DLC
|b eng
|c DLC
|e rda
|d DLC
|d BD-DhAAL
|
| 042 |
|
|
|a lcode
|a pcc
|
| 043 |
|
|
|a a-bg---
|
| 050 |
0 |
0 |
|a JQ635.A1
|b A18 2014
|
| 082 |
|
|
|a 351.095492
|2 23
|
| 245 |
0 |
0 |
|a 40 years of public administration and governance in Bangladesh
|c edited by Nizam Ahmed.
|
| 246 |
3 |
|
|a Forty years of public administration and governance in Bangladesh
|
| 264 |
|
1 |
|a Dhaka :
|b University Press Limited,
|c 2014.
|
| 300 |
|
|
|a xxiv, 460 pages ;
|c 22 cm.
|
| 504 |
|
|
|a Includes bibliographical references (pages 415-450) and index.
|
| 541 |
|
|
|a Donated By Akbar Ali Khan
|e 38680
|
| 650 |
|
0 |
|a Public administration
|z Bangladesh.
|9 48743
|
| 650 |
|
0 |
|a Democracy
|z Bangladesh.
|9 48744
|
| 651 |
|
0 |
|a Bangladesh
|x Politics and government
|y 1971-
|9 48745
|
| 700 |
1 |
|
|a Ahmed, Nizam,
|e editor.
|9 48746
|
| 852 |
|
|
|a Ayesha Abed Library
|c Akbar Ali Khan Collection
|
| 942 |
|
|
|2 ddc
|c BK
|
| 952 |
|
|
|0 0
|1 0
|2 ddc
|4 0
|6 351_095492000000000_FOR
|7 1
|9 70716
|a BRACUL
|b BRACUL
|c AAKC
|d 2022-05-25
|e Donated by Akbar Ali Khan
|l 0
|o 351.095492 FOR
|p 3010038680
|r 2022-05-25
|t 1
|w 2022-05-25
|y BK
|